01066nam a2200157 a 4500008004100000020001400041041000800055100003000063245004800093250004700141260003400188300001100222500007900233505058100312655001500893200311s1998 ag ||||gr|||| 001 f spa d a844940925 aspa1 aGarcía Lorca, Federico. aBodas de sangre /cFederico García Lorca. a1a ed.bPrólogo Luis Martinez Cuitiño. aBuenos Aires:bLosada;c1998. a125 p. aGarcía Lorca, F. (1998). Bodas de sangre. (1a ed.). Barcelona : Losada.  aBodas de sangre de Federico Garcia Lorca (1899-1936), constituye, junto a Yerma y La casa de Bernarda Alba, una trìlogia tràgica centrada en la vida de la mujer y su posiciòn en una sociedad rural que todavìa vive bajo la fuerza de la traiciòn y donde las pasiones pueden destruir la vida de los protagonistas.Bodas de sangre es un claro ejemplo de ello. Los malos presagios que vive la madre de la novia,muertos, su marido y su hijo por la violencia de los hombres, caeràn sobre el matrimonio de su hija. Pasiòn, venganza y muerte tiñen estas Bodas de sangre. aLiteratura